U.S. States by Capitals and Borders in 30 Seconds - Statistics

General Stats
  • This quiz has been taken 2,382 times
    1,877 since last reset
  • The average score is 35 of 50
Answers on the Map
Answers color-coded by a green-red scale on the quiz's map according to % correct below.
 
Answer Stats
State % Correct
New Mexico
92%
Oklahoma
91%
Arkansas
90%
Nevada
89%
Texas
88%
Arizona
87%
Louisiana
86%
Oregon
86%
California
84%
Wyoming
84%
Idaho
83%
Utah
82%
Alabama
80%
Colorado
80%
Georgia
80%
Tennessee
79%
Missouri
78%
Kentucky
77%
New York
77%
Pennsylvania
77%
Nebraska
76%
Massachusetts
75%
Iowa
74%
Vermont
74%
South Dakota
73%
Connecticut
72%
Montana
72%
New Jersey
70%
North Carolina
70%
Ohio
68%
Florida
67%
Kansas
67%
Wisconsin
67%
Illinois
66%
Indiana
66%
Washington
64%
North Dakota
63%
Virginia
63%
Minnesota
62%
Mississippi
57%
West Virginia
57%
New Hampshire
54%
South Carolina
54%
Michigan
53%
Maryland
46%
Alaska
44%
Hawaii
42%
Maine
39%
Rhode Island
39%
Delaware
37%
No matching quizzes found
Score Distribution
Percent of People with Each Score
Percentile by Number Answered
Your Score History
You have not taken this quiz since the last reset